The presidency / (Record no. 6853)

MARC details
000 -LEADER
fixed length control field 00910nam a22002657a 4500
001 - CONTROL NUMBER
control field 6853
003 - CONTROL NUMBER IDENTIFIER
control field FISKH
005 - DATE AND TIME OF LATEST TRANSACTION
control field 20250603112404.0
008 - FIXED-LENGTH DATA ELEMENTS--GENERAL INFORMATION
fixed length control field 250603b cb ||||| |||| 00| 0 eng d
020 ## - INTERNATIONAL STANDARD BOOK NUMBER
International Standard Book Number 9780756514679
040 ## - CATALOGING SOURCE
Original cataloging agency FISKH
Language of cataloging eng
Transcribing agency FISKH
Modifying agency FISKH
050 ## - LIBRARY OF CONGRESS CALL NUMBER
Classification number JK517.M87
082 ## - DEWEY DECIMAL CLASSIFICATION NUMBER
Classification number 352.23
100 ## - MAIN ENTRY--PERSONAL NAME
Personal name Murphy, Patricia J.
245 ## - TITLE STATEMENT
Title The presidency /
Statement of responsibility, etc. by Patricia J. Murphy
260 ## - PUBLICATION, DISTRIBUTION, ETC.
Place of publication, distribution, etc. North Mankato :
Name of publisher, distributor, etc. Campass Point Books,
Date of publication, distribution, etc. 2002
300 ## - PHYSICAL DESCRIPTION
Extent 24 pages :
Other physical details color illustrations ;
Dimensions 19 cm
505 ## - FORMATTED CONTENTS NOTE
Formatted contents note N<br/>
520 ## - SUMMARY, ETC.
Summary, etc. Provides information about the American presidency, explaining what the president does, where he lives and works, how he gets elected, who helps him, and his meaning to the people of the country.
521 8# - TARGET AUDIENCE NOTE
Target audience note 570<br/>
Source Lexile IG<br/>
521 8# - TARGET AUDIENCE NOTE
Target audience note N<br/>
Source Raz-Plus<br/>
650 ## - SUBJECT ADDED ENTRY--TOPICAL TERM
Topical term or geographic name entry element American Government
Form subdivision History
General subdivision Government
942 ## - ADDED ENTRY ELEMENTS (KOHA)
Source of classification or shelving scheme Dewey Decimal Classification
Koha item type Books
Suppress in OPAC No
Holdings
Withdrawn status Lost status Source of classification or shelving scheme Damaged status Not for loan Collection Home library Current library Shelving location Date acquired Total Checkouts Full call number Barcode Date last seen Copy number Price effective from Koha item type
    Dewey Decimal Classification     Non-Fiction Footprints International School Library Network Toul Kork Campus Footprints International School Library Network Toul Kork Campus TK Primary Library Room(4th Floor), Bookcase 3&4, Shelves 17-32, Yellow Books 06/03/2025   MUR 352.23 JK517.M87 FISTK03590 06/03/2025 1 06/03/2025 Books